|
|
|
|
| LEADER |
00000nab a2200000 a 4500 |
| 001 |
vtls000647761 |
| 003 |
SK-MaSNL |
| 005 |
20260426073125.0 |
| 008 |
041027c2004 xo mr|p|||||||000 b|slo |
| 015 |
|
|
|a SNBRB2004/10
|2 snkbucl
|
| 038 |
|
|
|a SNKBUCL
|
| 040 |
|
|
|a SNKBUCL
|b slo
|c SNKBUCL
|e AACR2
|
| 041 |
0 |
|
|a slo
|
| 044 |
|
|
|a xo
|c SK
|
| 080 |
|
|
|a 31
|2 UDC-MRF-SK2
|
| 080 |
|
|
|a 339.5
|2 UDC-MRF-SK2
|
| 245 |
0 |
0 |
|a Zahraničný obchod za január až júl 2004
|c Štatistický úrad Slovenskej republiky
|
| 300 |
|
|
|b Tab.
|
| 648 |
|
7 |
|a január-júl 2004
|2 snkbucl
|9 1331806
|
| 650 |
0 |
7 |
|a zahraničný obchod
|2 snkbucl
|9 2200
|
| 650 |
0 |
7 |
|a štatistika
|2 snkbucl
|9 778
|
| 651 |
|
7 |
|a Slovensko
|2 snkbucl
|9 14231
|
| 710 |
1 |
|
|a Slovensko.
|b Štatistický úrad
|4 aut
|
| 773 |
0 |
|
|t Bulletin
|g Č. 8 (2004), s. A5-A10
|
| 852 |
|
|
|a SNK
|b KIS3GCP
|
| 999 |
|
|
|c 2698821
|d 2700751
|